ბათუმის შოთა რუსთაველის სახელმწიფო უნივერსიტეტის ბიბლიოთეკა

მსოფლიო მართლმადიდებელი ეკლესიის წმინდა მღვდელმთავრები : (ბიბ.ჩანაწერი № 47236)

000 -ლიდერი
ფიქსირებული სიგრძის საკონტროლო ველი 02363nam a2200301Ia 4500
001 - საკონტროლო ნომერი
საკონტროლო ველი 14096
003 - საკონტროლო ნომრის იდენტიფიკატორი
საკონტროლო ველი GE_BSU
005 - ბოლო ოპერაციის თარიღი და დრო
საკონტროლო ველი 20241107173407.0
008 - ფიქსირებული სიგრძის მონაცემთა ელემენტები - ზოგადი ინფორმაცია
ფიქსირებული სიგრძის საკონტროლო ველი 181216s2014||||ge |||||||||||||| ||geo||
040 ## - კატალოგიზაციის წყარო
Transcribing agency GE_BSU
041 ## - ენის კოდი
Language code of text/sound track or separate title geo
080 ## - უნივერსალური ათობითი კლასიფიკაციის ინდექსი
Universal Decimal Classification number 27-726.1 მ-90
245 ## - ცნობა სათაურის შესახებ
Title მსოფლიო მართლმადიდებელი ეკლესიის წმინდა მღვდელმთავრები :
Remainder of title წმინდა ათანასე დიდი-ალექსანდრიის მთავარეპისკოპოსი, წმინდა ამფილოქე-იკონიელი ეპისკოპოსი... /
Statement of responsibility, etc შემდგენელი სოფიო თავაძე ; გარეკანის დიზაინი ეთერ გზირიშვილი.
264 ## - წარმოების, გამოცემის, დისტრიბუციის და სხვა ცნობები
გამოცემის, წარმოების, დისტრიბუციის... ადგილი თბილისი :
გამოცემის, წარმოების, დისტრიბუციის... სახელწოდება პალიტრა L,
გამოცემის, წარმოების, დისტრიბუციის... თარიღი 2014.
300 ## - ფიზიკური აღწერა
Extent 150 გვ. ;
Dimensions 20 სმ.
490 ## - სერიის ცნობა
Series statement საქართველოს იმედი II
Volume number/sequential designation წ. 10
500 ## - ზოგადი შენიშვნა
General note იბეჭდება სრულიად საქართველოს კათოლიკოს-პატრიარქის, უწმინდესისა და უნეტარესის ილია II-ის ლოცვა-კურთხევით
504 ## - BIBLIOGRAPHY, ETC. NOTE
Bibliography, etc ბიბლიოგრ. : გვ. 149
653 ## - INDEX TERM--UNCONTROLLED
Uncontrolled term მსოფლიო მართლმადიდებელი ეკლესიის წმინდა მღვდელმთავრები
653 ## - INDEX TERM--UNCONTROLLED
Uncontrolled term წმინდა ათანასე დიდი-ალექსანდრიის მთავარეპისკოპოსი,წმინდა ამფილოქე-იკონიელი ეპისკოპოსი...
653 ## - INDEX TERM--UNCONTROLLED
Uncontrolled term ღირსი პართენ ლამპსაკიელი
653 ## - INDEX TERM--UNCONTROLLED
Uncontrolled term წმინდა ამბროსი მედიოლანელი
653 ## - INDEX TERM--UNCONTROLLED
Uncontrolled term წმინდა მამათა ცხოვრება
700 ## - ADDED ENTRY--PERSONAL NAME
Personal name მამაცაშვილი, თამარ
Relator term პროექტის რედაქტორი
9 (RLIN) 23646
700 ## - ADDED ENTRY--PERSONAL NAME
Personal name გზირიშვილი, ეთერ
Relator term გარეკანის დიზაინერი
9 (RLIN) 23647
942 ## - ADDED ENTRY ELEMENTS (KOHA)
Koha item type წიგნი
Source of classification or shelving scheme
ეგზემპლარები
ჩამოწერის სტატუსი დაკარგული ეგზემპლარის სტატუსი კლასიფიკაციის წყარო ან თაროზე გაწყობის სქემა დაზიანების სტატუსი არ გაიცემა მუდმივი მდებარეობა (დაცვის ადგილი) ამჟამინდელი ადგილსამყოფელი თაროზე განთავსების ადგილი შეძენის თარიღი ღირებულება, შესყიდვის ნორმალური ფასი სრული შენახვის შიფრი შტრიხკოდი ბოლო ოპერაციის თარიღი ეგზემპლარის მიმდევრობითი ნომერი (კეტერი?) ფასის ძალაში შესვლის თარიღი ეგზემპლარის სახეობა საჯარო შენიშვნა
          ბათუმის შოთა რუსთაველის სახელმწიფო უნივერსიტეტის მთავარი ბიბლიოთეკა ბათუმის შოთა რუსთაველის სახელმწიფო უნივერსიტეტის მთავარი ბიბლიოთეკა წიგნსაცავი 2018-12-17 2.00 27-726.1 მ-90 27407 2018-12-17 27407 2018-12-17 წიგნი 2.00 ₾.